000 01983nam0a2200313 4500
001 RU\NLR\bibl\967470
005 20260408192425.0
021 _aRU
_b2006-35346
_91767
035 _a(NLR Aleph) 000955450
090 _a306287
_c306287
100 _a20060713d2006 |||y0rusy50 ca
101 0 _arus
102 _aRU
105 _ay |||||||||
200 1 _aЭкономическая оценка земельных участков
_eучебное пособие
_e[для студентов специальности "Экономика и управление на предприятии (операции с недвижимым имуществом)" и магистров, обучающихся по программе "Экономика недвижимости"]
_fА.Б. Кравцов, С.В. Любимов
_gРос. Федерация, М-во образования и науки, ГОУ ВПО Тюмен. гос. ун-т, Междунар. ин-т финансов, упр. и бизнеса
210 _aТюмень
_cИзд-во Тюменского государственного университета
_d2006
215 _a145 с.
_d20
320 _aБиблиогр.: с. 144-145
606 1 _aЗемли
_jУчебные издания для высших учебных заведений
_xОценка
_yРоссийская Федерация
_92089292
_3RU\NLR\auth\661264737
606 _aГородские земли
_jУчебные издания для высших учебных заведений
_xОценка
_yРоссийская Федерация
_92159763
_3RU\NLR\auth\661299867
686 _aУ32(2)-517(2Р)я73
686 _aУ44(2)1-51(2Р)я73
700 1 _aКравцов
_bА. Б.
_gАлександр Борисович
_4070
701 1 _aЛюбимов
_bС. В.
_gСергей Владимирович
_4070
801 0 _aRU
_bNLR
_c20060713
_grcr
801 1 _aRU
_bNLR
_c20060713
942 _cBOOK
980 _aNB